Rayuela /

Guardado en:
Autor Principal: Cortázar, Julio
Formato: Libro
Publicado: Buenos Aires : Alfaguara, 2014
Series:Biblioteca Cortázar
Materias:
Etiquetas: Agregar Etiqueta
Sin Etiquetas, Sea el primero en etiquetar este registro!
LEADER 00835nam a22002295a 4500
001 CEM.cems018333
005 20140717132143.0
008 130507s2014##################000#0#####d
003 CEMS
020 |a 9789870433651 
082 0 4 |a A863.4 
100 1 |a Cortázar, Julio 
245 1 0 |a Rayuela /  |c Julio Cortázar 
260 |a Buenos Aires :  |b Alfaguara,  |c 2014 
300 |a 600 p. 
490 0 |a Biblioteca Cortázar 
500 |a Es la gran novela de Julio Cortázar. El libro donde el escritor argentino pudo condensar sus propias obsesiones estéticas, literarias y vitales en un mosaico casi inagotable donde toda una época se marravillosamente reflejada. 
653 |a Literatura 
653 |a Literatura argentina 
653 |a Novelas 
653 |a Novela argentina 
859 |a CEMS  |b BIB. CEMS - Agricultura  |h A863.4  |i C891-1  |p A2168.14  |t Ej.1